000
00277nam a22001217a 4500
082
_a
684.08 HUN'W
100
_a
HUNT, GEORGE M,GARRATT, GEORGE
_9
57036
245
_a
WOOD PRESERVATION
250
_a
2ND
260
_a
NEWYORK
_b
MCGRAW HILL
_c
1953
300
_a
417P
942
_c
BK
999
_c
567346
_d
567346